| 000 | 00676nam a22002175i 4500 | ||
|---|---|---|---|
| 001 | 171664 | ||
| 003 | ES-MaACL | ||
| 005 | 20230906214706.0 | ||
| 008 | 090525s1951 sp |||| | spa d | ||
| 080 | _a616.89(02) | ||
| 100 | 1 |
_aSolé Sagarra, J. _9107133 |
|
| 245 | 1 | 0 |
_aFisiopatología psiquiátrica / _cJ. Solé Sagarra ; prólogo de Gonzalo R. Lafora. |
| 250 | _a1ª ed. | ||
| 260 |
_aBarcelona : _bJosé Janés, _c1951. |
||
| 300 |
_aXXI, 300 p. ; _c20 cm. |
||
| 490 | 1 | _aPublicaciones médicas | |
| 700 | 1 |
_aRodríguez Lafora, Gonzalo. _998594 |
|
| 830 | 0 |
_aPublicaciones médicas _9181357 |
|
| 852 |
_aES-MaACL _jF-10180 _9R.113737 |
||
| 999 |
_c171664 _d171664 |
||